书目信息 |
| 题名: |
右手、左手
|
|
| 作者: | 英克里斯·麦克马纳斯 著 | |
| 分册: | ||
| 出版信息: | 北京 北京理工大学出版社 2007.01 |
|
| 页数: | 517页 | |
| 开本: | 20cm | |
| 丛书名: | ||
| 单 册: | ||
| 中图分类: | O411.1 | |
| 科图分类: | ||
| 主题词: | 理论物理学 | |
| 电子资源: | ||
| ISBN: | 978-7-5640-0675-4 | |
| 000 | 00645nam0 2200217 45 | |
| 001 | 0941159203 | |
| 005 | 20210512143010.58 | |
| 010 | @a978-7-5640-0675-4@dCNY34.00 | |
| 100 | @a20090515d2007 ekmy0 y0120 ea | |
| 102 | @aCN@b130000 | |
| 102 | @aCN@b110000 | |
| 105 | @ay z 000yy | |
| 200 | 1 | @a右手、左手@f[英]克里斯·麦克马纳斯 著@F[ying]ke li si·mai ke ma na si zhu |
| 210 | @a北京@c北京理工大学出版社@d2007.01 | |
| 215 | @a517页@d20cm | |
| 606 | 0 | @a理论物理学 |
| 690 | @aO411.1@v4 | |
| 701 | 0 | @a英克里斯·麦克马纳斯@Aying ke li si·mai ke ma na si@4著 |
| 801 | 0 | @aCN@c20091018 |
| 905 | @a10447@dO411.1@eK650 | |
| 906 | @d34@n3@r1 | |
| 右手、左手/[英]克里斯·麦克马纳斯 著.-北京:北京理工大学出版社,2007.01 |
| 517页;20cm |
| ISBN 978-7-5640-0675-4:CNY34.00 |
| ● |
| 相关链接 |
|
|
|
正题名:右手、左手
索取号:O411.1/K650
 
预约/预借
| 序号 | 登录号 | 条形码 | 馆藏地/架位号 | 状态 | 备注 |
| 1 | 659463 | 206594639 | 自科库401/401自科库 57排3列2层/ [索取号:O411.1/K650] | 在馆 | |
| 2 | 659464 | 206594648 | 自科库401/401自科库 57排3列2层/ [索取号:O411.1/K650] | 在馆 | |
| 3 | 659465 | 206594657 | 自科库401/401自科库 57排3列2层/ [索取号:O411.1/K650] | 在馆 |